000 00917nam a22002657a 4500
999 _c13308
_d13308
001 13593
003 MIRAKIL
005 20190614140345.0
008 190614b tu ||||| |||| 00| 0 tur d
020 _a9786058318083
040 _aTR-AnCHP
_btur
_cTR-AnCHP
041 _aeng
082 _aATA 923.156
_bA72t 2019
100 _aAtatürk, Mustafa Kemal
_d1881-1838
245 _aThe Great Speech /
_cGazi Mustafa Kemal Atatürk ; editör ve çevirenler Roman Shtefura, Gamze Üney, ... [ve öte]
260 _aİstanbul :
_bDante,
_c2019.
300 _a718 s.
_c21 sm.
600 _aAtatürk, Mustafa Kemal
_d1881-1938
_xSöylev ve demeçler
600 _aAtatürk, Mustafa Kemal
_d1881-1938
_xSiyasal ve sosyal görüşler
650 _aAtatürk devrimleri
_zTürkiye
651 _aTürkiye
_xSiyaset ve yönetim
700 _aShtefura, Roman
_95805
_eed.
700 _aÜney, Gamze
_95806
_eed.
942 _2ddc
_cBKS